000 00305nam a22001457a 4500
008 210604b ||||| |||| 00| 0 eng d
020 _a2901259382450
041 _aeng
080 _a541
082 _a541
100 _a12
101 _aKIM
245 _aGeneral Chemistry
_cSamantha
942 _2udc
_cBK
999 _c57980
_d57980